01620nam a2200397Ia 4500001001200000003000800012006001900020007001500039008004100054010001700095020001500112020001500127020001800142020001800160040002100178035002100199050002400220082001600244245014200260246004900402260004100451300002500492490004900517504005100566533015200617650005200769650006200821650004400883655002900927700001700956700001900973710001700992830007001009856012601079999001701205ebr10252460CaPaEBRm u cr cn|||||||||080703s2008 dcua sb 001 0 eng d z 2008029785 z0821374745 z0821374753 z9780821374740 z9780821374757 aCaPaEBRcCaPaEBR a(OCoLC)56797981314aLC2572b.G57 2008eb04a371.82222200aGirls' education in the 21st centuryh[electronic resource] :bequality, empowerment, and growth /cMercy Tembon and Lucia Fort, editors.3 aGirls' education in the twenty-first century aWashington DC :bWorld Bank,cc2008. axxix, 313 p. :bill.1 aDirections in development. Human development aIncludes bibliographical references and index. aElectronic reproduction.bPalo Alto, Calif. :cebrary,d2011.nAvailable via World Wide Web.nAccess may be limited to ebrary affiliated libraries. 0aEducational equalizationzDeveloping countries. 0aWomenxEducationxEconomic aspectszDeveloping countries. 0aWomenxEducationzDeveloping countries. 7aElectronic books.2local1 aFort, Lucia.1 aTembon, Mercy.2 aebrary, Inc. 0aDirections in development (Washington, D.C.).pHuman development.40uhttp://site.ebrary.com/lib/rucke/Doc?id=10252460zAn electronic book accessible through the World Wide Web; click to view c31940d31940